Normas contables para entes cooperativos (Registro nro. 3233)

Detalles MARC
000 -LEADER
fixed length control field 02079 a2200265 4500
001 - CONTROL NUMBER
control field 40482
005 - DATE AND TIME OF LATEST TRANSACTION
control field 20260407155659.0
008 - FIXED-LENGTH DATA ELEMENTS--GENERAL INFORMATION
fixed length control field 260407a2014 arg spa d
003 - CONTROL NUMBER IDENTIFIER
control field AR-UNSa-BCEJYS
040 ## - CATALOGING SOURCE
Original cataloging agency AR-UNSa-BCEJYS
Language of cataloging spa
Transcribing agency AR-UNSa-BCEJYS
080 ## - UNIVERSAL DECIMAL CLASSIFICATION NUMBER
Universal Decimal Classification number 657
Common auxiliary subdivision Contabilidad
020 ## - INTERNATIONAL STANDARD BOOK NUMBER
International Standard Book Number 978-987-716-020-8
041 ## - LANGUAGE CODE
Language code of text/sound track or separate title spa
100 1# - MAIN ENTRY--PERSONAL NAME
Personal name Torres, Carlos Federico
245 10 - TITLE STATEMENT
Title Normas contables para entes cooperativos
Name of part/section of a work análisis y aplicación de la Resolución Técnica Nº 24 de la FACPACE y sus normas complementarias (incluyendo la aplicación de las RT Nº 6,31,36 y 40 en estas entidades)
250 ## - EDITION STATEMENT
Edition statement 2a. ed.
264 #1 - PRODUCTION, PUBLICATION, DISTRIBUTION, MANUFACTURE, AND COPYRIGHT NOTICE
Place of production, publication, distribution, manufacture Buenos Aires :
Name of producer, publisher, distributor, manufacturer Osmar D. Buyatti
Date of production, publication, distribution, manufacture, or copyright notice 2014
300 ## - PHYSICAL DESCRIPTION
Extent 332 p.
Dimensions 22 cm.
505 ## - FORMATTED CONTENTS NOTE
Formatted contents note 1. El contexto normativo vigente para las cooperativas - 2. Conceptos previos e introductorios al estudio de las normas de la RT24 - 3. Normas comunes a todos los estados contables - 4. Estado de situación patrimonial - 5. Estado de resultados - 6. Estado de evolución del patrimonio neto - 7. Estado de flujo de efectivo - 8. Contenido de la información complementaria en los entes cooperativos - 9. Otras cuestiones contempladas por la RT 24 - 10. Normas de la Resolución 247/09 del INAES, complementarias de las de la RT 24 - 11. Caso práctico integral de aplicación de la RT 24 y otras normas que la complementan - 13. Prepación de estados contables en moneda homogénea en las cooperativas - 14. Aplicación del modelo de revalución en las cooperativas - 15. Medición contable de los títulos cooperativos de capitalización - 16. El balance social en las cooperativas - aplicación de la RT 36 - 17. RT 40: cambios en normas contables de exposición - 18. Cuestionario de repaso
590 ## - LOCAL NOTE (RLIN)
Local note niveau_biblio:m niveau_hierar:0
650 ## - SUBJECT ADDED ENTRY--TOPICAL TERM
Topical term or geographic name entry element RESOLUCION TECNICA Nº 24<br/>RESOLUCION TECNICA Nº 36<br/>RESOLUCION TECNICA Nº 40
650 ## - SUBJECT ADDED ENTRY--TOPICAL TERM
Topical term or geographic name entry element resolucion tecnica nº 24 resolucion tecnica nº 36 resolucion tecnica nº 40
856 41 - ELECTRONIC LOCATION AND ACCESS
Uniform Resource Identifier <a href="https://biblioeco.unsa.edu.ar/pmb/images/libros/L125989.jpg">https://biblioeco.unsa.edu.ar/pmb/images/libros/L125989.jpg</a>
Link text Imagen de portada
Electronic format type image/jpeg
942 ## - ADDED ENTRY ELEMENTS (KOHA)
Koha item type
Existencias
Withdrawn status Lost status Damaged status Not for loan Home library Current library Shelving location Date acquired Total checkouts Full call number Barcode Date last seen Price effective from Koha item type Public note
        Biblioteca Prof. Eusebio Cleto del Rey Biblioteca Prof. Eusebio Cleto del Rey   07/04/2026   657 T689e 2ed. L125989 07/04/2026 07/04/2026 Libro PARTIDO EN PÁGINA 156
        Biblioteca Prof. Eusebio Cleto del Rey Biblioteca Prof. Eusebio Cleto del Rey   07/04/2026   657 T689e 2ed. L125990 07/04/2026 07/04/2026 Libro CANTO MANCHADO - PARTIDO EN PÁG 174 - PÁG 175 ARRUGADA - HOJA 12 Y 13 CON MANCHA - ÚLTIMA HOJA UN POCO SUELTA
        Biblioteca Prof. Eusebio Cleto del Rey Biblioteca Prof. Eusebio Cleto del Rey   07/04/2026   657 T689e 2ed. L125991 07/04/2026 07/04/2026 Libro  
        Biblioteca Prof. Eusebio Cleto del Rey Biblioteca Prof. Eusebio Cleto del Rey   07/04/2026   657 T689e 2ed. L126753 07/04/2026 07/04/2026 Libro PÁG 80 CN MANCHA VERDE - HOJAS UN POCO SUELTAS (1 A 98)
        Biblioteca Prof. Eusebio Cleto del Rey Biblioteca Prof. Eusebio Cleto del Rey   07/04/2026   657 T689e 2ed. L126754 07/04/2026 07/04/2026 Libro HOJA 331 SUELTA
        Biblioteca Prof. Eusebio Cleto del Rey Biblioteca Prof. Eusebio Cleto del Rey   07/04/2026   657 T689e 2ed. L126755 07/04/2026 07/04/2026 Libro CANTO SUPERIOR E INFERIOR CON MANCHAS - PRIMERAS PÁGINAS UN POCO SUELTAS - LÁPIZ EN PÁG 53 - PÁG 16 CON MANCHA AMARILLA
        Biblioteca Prof. Eusebio Cleto del Rey Biblioteca Prof. Eusebio Cleto del Rey   07/04/2026   657 T689e 2ed. L126756 07/04/2026 07/04/2026 Libro PARTIDO EN PÁG 106 - PÁG 1 A 14 UN POCO SUELTAS - CANTO CON MANCHA NEGRA
        Biblioteca Prof. Eusebio Cleto del Rey Biblioteca Prof. Eusebio Cleto del Rey   07/04/2026   657 T689e 2ed. L126757 07/04/2026 07/04/2026 Libro PÁG 1 A 75 UN POCO SUELTAS (INFERIOR) - PÁG 305 SUELTA - PARTIDO PÁG 168